|
|
|
|
| LEADER |
01539nam a22003254a 4500 |
| 001 |
37966 |
| 003 |
BD-DhAAL |
| 005 |
20220306163046.0 |
| 008 |
220306t2004 ctu b 001 0 eng d |
| 999 |
|
|
|c 43673
|d 43673
|
| 010 |
|
|
|a 2003014024
|
| 020 |
|
|
|a 0300101996 (cloth : alk. paper)
|
| 020 |
|
|
|a 9780300101997
|
| 040 |
|
|
|a DLC
|c DLC
|d DLC
|d BD-DhAAL
|
| 042 |
|
|
|a pcc
|
| 050 |
0 |
0 |
|a HF5549.5.A34
|b S684 2004
|
| 082 |
0 |
0 |
|a 331.133
|2 21
|
| 100 |
1 |
|
|a Sowell, Thomas,
|d 1930-
|9 46457
|
| 245 |
1 |
0 |
|a Affirmative action around the world :
|b an empirical study /
|c Thomas Sowell.
|
| 260 |
|
|
|a New Haven :
|b Yale University Press,
|c c2004.
|
| 300 |
|
|
|a x, 239 pages ;
|c 22 cm.
|
| 504 |
|
|
|a Includes bibliographical references (pages [199]-231) and index.
|
| 505 |
0 |
|
|a An international perspective -- Affirmative action in India -- Affirmative action in Malaysia -- Affirmative action in Sri Lanka -- Affirmative action in Nigeria -- Affirmative action in the United States -- The past and the future.
|
| 541 |
|
|
|a Donated by Akbar Ali Khan
|e 37966
|
| 650 |
|
0 |
|a Affirmative action programs in education
|v Cross-cultural studies.
|9 46458
|
| 650 |
|
0 |
|a Discrimination in employment
|v Cross-cultural studies.
|9 46459
|
| 650 |
|
0 |
|a Discrimination in education
|v Cross-cultural studies.
|9 46460
|
| 852 |
|
|
|a Ayesha Abed Library
|c Akbar Ali Khan Collection
|
| 942 |
|
|
|2 ddc
|c BK
|
| 952 |
|
|
|0 0
|1 0
|2 ddc
|4 0
|6 331_133000000000000_SOW
|7 1
|9 70005
|a BRACUL
|b BRACUL
|c CS1
|d 2022-03-06
|e Donated by Akbar Ali Khan
|l 0
|o 331.133 SOW
|p 3010037966
|r 2022-03-06
|t 1
|w 2022-03-06
|y BK
|